Top 15 Countries with Covid-19 Cases - 27 September - Statistics

General Stats
  • This quiz has been taken 41 times
  • The average score is 13 of 24
Answer Stats
country % Correct
United Kingdom
100%
United States
100%
India
97%
Russia
92%
Brazil
90%
France
85%
Spain
85%
Mexico
74%
Argentina
72%
Colombia
62%
Peru
62%
Chile
56%
Chile
56%
South Africa
56%
Iran
44%
Bangladesh
31%
Israel
28%
Panama
26%
Qatar
21%
Bahrain
18%
Costa Rica
18%
Kuwait
18%
Oman
15%
Armenia
13%
No matching quizzes found
Score Distribution
Percent of People with Each Score
Percentile by Number Answered
Your Score History
You have not taken this quiz